000 01650nam a2200265 a 4500
001 1895561
003 AM-YEHGA
005 20260331150144.0
008 230403s2022 ai ab||gr|||||001|0|arm|d
020 _a978-9939-895-12-3
040 _aAM-YEHGA
041 1 _aarm
_heng
100 1 _aՍյունի, Ռոնալդ Գրիգորի
245 1 0 _aՀայոց ցեղասպանության պատմություն ։
_b«Նրանք կարող են ապրել միայն անապատում» = A history of the Armenian Genocide : «They can live in the desert but nowhere else» /
_cՌ.Գ. Սյունի ; Անգլերենից թարգմանեց՝ Մ. Սադոյանը ; Թարգմանության խմբագիր՝ Ս. Ղազարյան ; Թարգմանության գիտական խմբագիր՝ Թ. Մարտոյան ; [Ձևավորումը՝ Վիտալի Ասրիևի].
246 1 5 _aA history of the Armenian Genocide ։
_b«They can live in the desert but nowhere else»
260 _aԵրևան :
_b«Մագաղաթ» հրատարակչություն,
_c2022.
_f«Մագաղաթ պլյուս»
300 _a518 էջ ;
_bնկարներ, քարտեզներ ;
_c23 սմ.
504 _aԾանոթագրություններ՝ էջ 448-518։
650 1 4 _aՀայոց ցեղասպանություն, 1915-1923
_vԱկանատեսների վկայություններ
_95783
700 1 _aՍադոյան, Մարիա
_eթարգմանիչ
_4trl
700 1 _aՂազարյան, Սևակ
_eխմբագիր
_4edt
700 1 _aՄարտոյան, Թեհմինե
_eխմբագիր
_4edt
700 1 _aԱսրիև, Վիտալի
_eձևավորող
_4bjd
942 _2udc
_cBK
999 _c541032
_d541032